00676nam a22001937a 450000500170000001000150001702000260003203500140005803700130007208200140008524501410009926000540024027000530029430000220034749000530036950000190042270000210044170000200046220161110111819.0 aENG-116505 a9789350980378c795.00 aEN-100037 bDBAD/PUB a327.54094 aIndia-Australia relations in the Asian century :cedited by Amitabh Mattoo [and] Mallika JosephbPerspectives from India and Australia / aNew DelhibManohar Publisher & Distributorsc2013 a4753/23 Ansari Road,DaryaganjbNew Delhie110002 a190p. c22cm (Hb) aAustralia India Institue foreign policy serise-2 aIncludes index aMattoo, Amitabh  a Joseph,Mallika